Bettison and others v Langton and others (Record no. 68554)

MARC details
000 -LEADER
fixed length control field 00922cam a2200205 4500
001 - CONTROL NUMBER
control field X115097
008 - FIXED-LENGTH DATA ELEMENTS--GENERAL INFORMATION
fixed length control field 011012n2001 000 0 eng u
035 ## - SYSTEM CONTROL NUMBER
System control number (Sirsi) u115097
245 ## - TITLE STATEMENT
Title Bettison and others v Langton and others
260 ## - PUBLICATION, DISTRIBUTION, ETC.
Date of publication, distribution, etc. 2001
490 ## - SERIES STATEMENT
Series statement Estates Gazette
Volume/sequential designation [2001] 21 EG 166 (CS) (26/05/01)
520 ## - SUMMARY, ETC.
Summary, etc. HL 17 May 2001. Owners of land registering rights of common - Owners retaining land and selling rights of common - Whether rights of common attached to particular property capable of being granted away so as to become unattached to land - S15 of Common Registration Act 1965 - Judge finding rights validly severed from land - Appeal dismissed.
650 ## - SUBJECT ADDED ENTRY--TOPICAL TERM
Topical term or geographic name entry element BETTISON AND OTHERS V LANGTON AND OTHERS
650 ## - SUBJECT ADDED ENTRY--TOPICAL TERM
Topical term or geographic name entry element RIGHTS OF COMMON
650 ## - SUBJECT ADDED ENTRY--TOPICAL TERM
Topical term or geographic name entry element TRANSFER
650 ## - SUBJECT ADDED ENTRY--TOPICAL TERM
Topical term or geographic name entry element COMMONS REGISTRATION ACT 1965
650 ## - SUBJECT ADDED ENTRY--TOPICAL TERM
Topical term or geographic name entry element GRAZING RIGHTS
690 ## - LOCAL SUBJECT ADDED ENTRY--TOPICAL TERM (OCLC, RLIN)
Topical term or geographic name as entry element PROPERTY AND LAND LAW-CASE LAW
942 ## - ADDED ENTRY ELEMENTS (KOHA)
Suppress in OPAC 0
Holdings
Withdrawn status Lost status Source of classification or shelving scheme Damaged status Not for loan Home library Current library Shelving location Date acquired Total Checkouts Full call number Barcode Date last seen Copy number Price effective from Koha item type
    Dewey Decimal Classification     London London Journal article 12/10/2001   X115097 115097-1001 06/08/2019 1 06/08/2019 Law report